[Event "33. Seebach-Open"]
[Site "Grossenseebach"]
[Date "2024.05.30"]
[Round "1.27"]
[White "Abdelrahim, Ahmed"]
[Black "Wachter, Michael"]
[Result "0-1"]
[WhiteElo "1995"]
[BlackElo "1779"]
[PlyCount "99"]
[EventDate "2024.??.??"]
[WhiteTeam "SK Radolfzell"]
[BlackTeam "SC 1868 Bamberg"]

1. f4 d5 2. Nf3 Nh6 3. b3 Bg4 4. e3 f6 5. Bb2 e6 6. Be2 Bd6 7. O-O O-O 8. h3
Bh5 9. Qe1 Be8 10. Nc3 Qe7 11. a4 c6 12. d3 Nd7 13. Qd2 e5 14. fxe5 fxe5 15. e4
d4 16. Nd1 Nc5 17. Qe1 Ne6 18. g3 Bd7 19. Bc1 Kh8 20. Nf2 Rf7 21. Bd2 Raf8 22.
Kg2 Ng8 23. Nh2 Ng5 24. h4 Ne6 25. Bh5 g6 26. Bg4 Nf6 27. Bh3 h5 28. Bh6 Rg8
29. Nf3 Nh7 30. Qe2 Ng7 31. Bxd7 Qxd7 32. Nh3 Ne6 33. Nfg5 Nhxg5 34. Nxg5 Nxg5
35. Bxg5 Rgf8 36. Rxf7 Rxf7 37. Rf1 Kg7 38. Rxf7+ Qxf7 39. Qf3 Qxf3+ 40. Kxf3
Kf7 41. g4 Be7 42. Bxe7 Kxe7 43. gxh5 gxh5 44. Ke2 Kd6 45. b4 a5 46. bxa5 Kc5
47. Kd2 Kb4 48. a6 bxa6 49. a5 Kxa5 50. c3 0-1

[Event "33. Seebach-Open"]
[Site "Grossenseebach"]
[Date "2024.05.30"]
[Round "1.28"]
[White "Gomer, Thomas"]
[Black "Bruss, Robert"]
[Result "1-0"]
[WhiteElo "1764"]
[BlackElo "1994"]
[PlyCount "71"]
[EventDate "2024.??.??"]
[WhiteTeam "SV Balingen"]
[BlackTeam "SV Altensittenbach"]

1. d4 Nf6 2. Nc3 d5 3. Bf4 c6 4. e3 g6 5. h4 Bg7 6. Be2 Ne4 7. Nf3 Qa5 8. Kf1
Nxc3 9. Qd2 Nd7 10. Qxc3 Qxc3 11. bxc3 O-O 12. h5 Re8 13. hxg6 hxg6 14. Bh6 Bh8
15. g3 e5 16. Kg2 e4 17. Nd2 c5 18. Rh2 c4 19. Rah1 Nb6 20. Bf4 Bg7 21. Bh6 Bh8
22. Bf4 Bf6 23. g4 g5 24. Bxg5 Bg7 25. Bh6 Bf6 26. g5 Be7 27. Bh5 Bf5 28. Nf1
Na4 29. Ng3 Bg6 30. Bg4 Nxc3 31. Nh5 Bxh5 32. Rxh5 Nxa2 33. Bf5 b5 34. Bf8 f6
35. Rh8+ Kf7 36. g6# 1-0

[Event "33. Seebach-Open"]
[Site "Grossenseebach"]
[Date "2024.05.30"]
[Round "1.29"]
[White "Martin Fernandez, Rafael"]
[Black "Thurn, Stephan"]
[Result "1/2-1/2"]
[WhiteElo "1991"]
[BlackElo "1761"]
[PlyCount "120"]
[EventDate "2024.??.??"]
[WhiteTeam "SC Erlangen 48/88"]
[BlackTeam "TSV Kirchehrenbach"]

1. e4 e5 2. Nf3 Nf6 3. Nxe5 d6 4. Nf3 Nxe4 5. Nc3 Nxc3 6. dxc3 Be7 7. Be3 Be6
8. Qd2 c6 9. h4 Nd7 10. a3 Ne5 11. Nxe5 dxe5 12. Bd3 f5 13. g3 Qd5 14. Rg1
O-O-O 15. c4 Qd6 16. Qa5 a6 17. O-O-O Qb8 18. Rge1 e4 19. Bf1 Rxd1+ 20. Rxd1
Rd8 21. Rxd8+ Bxd8 22. Qc5 Qc7 23. Bf4 Qa5 24. Qxa5 Bxa5 25. b4 Bb6 26. c5 Bd8
27. Kd2 Bf6 28. c3 g6 29. Be3 Kd7 30. Bd4 Ke7 31. Bxf6+ Kxf6 32. Ke3 Ke5 33.
Be2 h6 34. f4+ exf3 35. Bxf3 Bf7 36. a4 Bb3 37. a5 g5 38. hxg5 hxg5 39. b5 f4+
40. gxf4+ gxf4+ 41. Kf2 axb5 42. Bxc6 Bd5 43. Bxb5 Be4 44. Bc4 Bd5 45. Bb5 Be4
46. Bc4 Bd5 47. Bd3 Bc6 48. Bc4 Ke4 49. Ke2 Ke5 50. Kd2 Ke4 51. Ke2 Ke5 52. Bf7
Ke4 53. Bc4 Ke5 54. Kd3 Be4+ 55. Ke2 Bc6 56. Kf2 Be4 57. a6 bxa6 58. Bxa6 Kd5
59. Bb7+ Kxc5 60. Bxe4 Kc4 1/2-1/2

[Event "33. Seebach-Open"]
[Site "Grossenseebach"]
[Date "2024.05.30"]
[Round "1.30"]
[White "Tokgoez, Furkan"]
[Black "Basel, Matthias"]
[Result "0-1"]
[WhiteElo "1759"]
[BlackElo "1989"]
[PlyCount "128"]
[EventDate "2024.??.??"]
[WhiteTeam "SC Noris-Tarrasch Nürnberg 1873"]
[BlackTeam "SC Kitzingen von 1905"]

1. e4 g6 2. d4 Bg7 3. Nc3 d6 4. f4 Nf6 5. Nf3 O-O 6. Be3 c5 7. dxc5 Qa5 8. Qd2
dxc5 9. e5 Rd8 10. Bd3 Ng4 11. Qe2 Nxe3 12. Qxe3 Nc6 13. O-O Nd4 14. Ne4 b6 15.
Nxd4 cxd4 16. Qd2 Qa4 17. b3 Qd7 18. Rad1 Bb7 19. Qb4 Qc7 20. Rd2 a5 21. Qa3
Rd7 22. Rfd1 Rad8 23. Qb2 Bh6 24. g3 Qc6 25. Re2 b5 26. Kf1 Bf8 27. b4 a4 28.
a3 Kg7 29. Ke1 e6 30. Nf6 Rc7 31. Be4 Qc4 32. Bxb7 Rxb7 33. Rd3 Be7 34. Ne4
Rbd7 35. Nd2 Qc6 36. Nf3 Qb6 37. Re4 Qb7 38. Re2 Qb6 39. Red2 Qc6 40. Kf2 Qb6
41. Nxd4 f6 42. Ke2 Rd5 43. Nf3 Qc6 44. Rxd5 Rxd5 45. Rxd5 Qxd5 46. Qd4 Qa2 47.
Qd3 Qb2 48. Nd4 fxe5 49. fxe5 Kf7 50. Kd2 Bg5+ 51. Ke2 Be7 52. Nf3 h6 53. Kd2
g5 54. Qc3 Qa2 55. Nd4 g4 56. Qd3 Bg5+ 57. Kc3 Qxa3+ 58. Nb3 axb3 59. Qh7+ Ke8
60. Qg8+ Kd7 61. Qh7+ Be7 62. Qd3+ Kc7 63. cxb3 Qa1+ 64. Kc2 Qxe5 0-1

[Event "33. Seebach-Open"]
[Site "Grossenseebach"]
[Date "2024.05.30"]
[Round "1.31"]
[White "Meulner, Klaus"]
[Black "Kromer, Thomas"]
[Result "1-0"]
[WhiteElo "1986"]
[BlackElo "1754"]
[PlyCount "37"]
[EventDate "2024.??.??"]
[WhiteTeam "SC Schwarz-Weiß Nürnberg Süd e.V"]
[BlackTeam "SF Riedlingen"]

1. d4 f5 2. Bg5 h6 3. Bh4 g5 4. e3 Nf6 5. Bg3 Bg7 6. h4 e6 7. hxg5 hxg5 8.
Rxh8+ Bxh8 9. Nc3 d6 10. Bc4 Qe7 11. Nh3 Ng4 12. Qe2 d5 13. Bxd5 e5 14. dxe5
Qb4 15. O-O-O Bd7 16. Nxg5 Nc6 17. Bf7+ Kf8 18. Rxd7 Ncxe5 19. Ne6# 1-0

[Event "33. Seebach-Open"]
[Site "Grossenseebach"]
[Date "2024.05.30"]
[Round "1.32"]
[White "Schaefer, Ann-Kathrin"]
[Black "Pflaum, Stefan"]
[Result "0-1"]
[WhiteElo "1744"]
[BlackElo "1985"]
[PlyCount "92"]
[EventDate "2024.??.??"]
[WhiteTeam "SC JÄKLECHEMIE Talente Franken e"]
[BlackTeam "SC Schachmatt Botnang"]

1. d4 Nf6 2. Nf3 d5 3. e3 Bf5 4. c4 e6 5. Qb3 Qc8 6. Nc3 c6 7. Bd2 Be7 8. Rc1
Nbd7 9. cxd5 exd5 10. Be2 Qb8 11. O-O O-O 12. Na4 b5 13. Nc5 Nxc5 14. dxc5 Ne4
15. Qa3 Bg4 16. Ba5 Bxf3 17. Bxf3 f5 18. Rc2 Bf6 19. Rd1 Qe8 20. Qd3 Qe7 21.
Rdc1 Be5 22. Qe2 Rf6 23. Bh5 Rh6 24. f4 Qh4 25. fxe5 Rxh5 26. h3 Rh6 27. Qf3
Rf8 28. Bc7 Ng5 29. Qf2 Qe4 30. Qf4 Rg6 31. Qxe4 Nxe4 32. Rf1 Re6 33. Rf3 g6
34. b4 Rfe8 35. Re2 Ng5 36. Rg3 Nf7 37. Rf2 Kh8 38. Rf4 Nxe5 39. Rh4 Kg7 40.
Rf4 Kf6 41. Rh4 h5 42. Kf2 Nc4 43. Bf4 Nd2 44. Bg5+ Kf7 45. Ke2 Ne4 46. Rf3
Nxg5 0-1

[Event "33. Seebach-Open"]
[Site "Grossenseebach"]
[Date "2024.05.30"]
[Round "1.33"]
[White "Bunk, Karsten"]
[Black "Fridlin, Daniel"]
[Result "1-0"]
[WhiteElo "1972"]
[BlackElo "1741"]
[PlyCount "51"]
[EventDate "2024.??.??"]
[WhiteTeam "SC Schwarz-Weiß Nürnberg Süd e.V"]
[BlackTeam "SC Noris-Tarrasch Nürnberg 1873"]

1. c4 g6 2. g3 Bg7 3. Bg2 Nf6 4. Nc3 d6 5. e4 O-O 6. Nge2 c5 7. Rb1 Nc6 8. a3
Bg4 9. h3 Bd7 10. O-O a6 11. d3 Rb8 12. b4 cxb4 13. axb4 b5 14. cxb5 axb5 15.
Be3 h6 16. Qd2 Kh7 17. f4 Qc8 18. Kh2 e6 19. d4 Ne7 20. Rbc1 Qd8 21. e5 dxe5
22. dxe5 Ne8 23. Bc5 Rg8 24. Rfd1 Nd5 25. Nxd5 exd5 26. Qxd5 1-0

[Event "33. Seebach-Open"]
[Site "Grossenseebach"]
[Date "2024.05.30"]
[Round "1.34"]
[White "Ruderer, Alexander"]
[Black "Leis, Stefan"]
[Result "0-1"]
[WhiteElo "1740"]
[BlackElo "1972"]
[PlyCount "66"]
[EventDate "2024.??.??"]
[WhiteTeam "SC Heideck-Hilpoltstein"]
[BlackTeam "SC Mühlhof-Reichelsdorf e.V."]

1. d4 d5 2. Nf3 Nf6 3. c3 c5 4. Bf4 Nc6 5. e3 Bg4 6. Nbd2 e6 7. Qb3 Qc8 8. h3
Bh5 9. Bb5 Be7 10. O-O O-O 11. Rfe1 c4 12. Qd1 Ne4 13. g4 Nxd2 14. Nxd2 Bg6 15.
e4 a6 16. Ba4 b5 17. Bc2 Qd7 18. e5 b4 19. Rc1 bxc3 20. bxc3 Qc7 21. Bxg6 fxg6
22. Bg3 Qa5 23. Qc2 Rab8 24. Rb1 Rb5 25. a4 Rxb1 26. Rxb1 Bg5 27. Nf1 Rf3 28.
Qb2 Qxc3 29. Qb6 Nxd4 30. Qd6 Rf8 31. Rb7 Qf3 32. Kh2 Bf4 33. Re7 Qxf2+ 0-1

[Event "33. Seebach-Open"]
[Site "Grossenseebach"]
[Date "2024.05.30"]
[Round "1.35"]
[White "Schwarzmann, Tobias"]
[Black "Barsov, Vladislav"]
[Result "0-1"]
[WhiteElo "1953"]
[BlackElo "1733"]
[PlyCount "84"]
[EventDate "2024.??.??"]
[WhiteTeam "SC Höchstadt/Aisch"]
[BlackTeam "SK Gräfelfing"]

1. d4 g6 2. c4 Bg7 3. Nc3 d6 4. e4 Nc6 5. Be3 e5 6. d5 Nce7 7. Bd3 f5 8. f3 Nf6
9. Nge2 O-O 10. O-O f4 11. Bf2 g5 12. Kh1 Ng6 13. Ng1 g4 14. fxg4 Bxg4 15. Be2
Qd7 16. Nf3 h6 17. Nh4 Bxe2 18. Qxe2 Nxh4 19. Bxh4 Ng4 20. Bf2 Kh7 21. Rac1 Rf7
22. Bg1 h5 23. Rf3 Bh6 24. Nd1 b6 25. Rcc3 Rg8 26. b4 Rfg7 27. Qc2 Nf6 28. Rf2
h4 29. h3 Nh5 30. Bh2 Ng3+ 31. Bxg3 Rxg3 32. Rxg3 Rxg3 33. Kh2 Qg7 34. Qe2 Qg6
35. Rf3 a6 36. Nc3 Rxf3 37. Qxf3 Qg3+ 38. Qxg3 fxg3+ 39. Kh1 Be3 40. Ne2 Kg6
41. Ng1 Bxg1 42. Kxg1 Kg5 0-1

[Event "33. Seebach-Open"]
[Site "Grossenseebach"]
[Date "2024.05.30"]
[Round "1.36"]
[White "Kwossek, Martin"]
[Black "Schraegle, Thorsten"]
[Result "1/2-1/2"]
[WhiteElo "1724"]
[BlackElo "1950"]
[PlyCount "75"]
[EventDate "2024.??.??"]
[WhiteTeam "SC Kitzingen von 1905"]
[BlackTeam "SG Donautal Tuttlingen"]

1. d4 d5 2. Nf3 Nf6 3. Bf4 c5 4. e3 Nc6 5. c3 cxd4 6. exd4 Bf5 7. Bd3 Bxd3 8.
Qxd3 e6 9. Nbd2 Bd6 10. Bg3 O-O 11. Ne5 Bxe5 12. dxe5 Nd7 13. f4 Rb8 14. Bf2 b5
15. a3 a5 16. O-O Qc7 17. Nf3 Ne7 18. Nd4 Qc4 19. Qh3 Ng6 20. Qg4 Rfc8 21. h4
Ngf8 22. h5 b4 23. axb4 axb4 24. h6 g6 25. Rac1 bxc3 26. bxc3 Rb7 27. Qh4 Ra8
28. Qe7 Qc5 29. Qh4 Qc4 30. Qe7 Qc5 31. Qh4 Qc8 32. Qe7 Qd8 33. Qxd8 Rxd8 34.
c4 Nb6 35. c5 Nc4 36. Rb1 Rc7 37. c6 f6 38. Rb7 1/2-1/2

[Event "33. Seebach-Open"]
[Site "Grossenseebach"]
[Date "2024.05.30"]
[Round "1.37"]
[White "Akhramsyah Muammar Ubaidah, Aqil"]
[Black "Beimler, Christian"]
[Result "1-0"]
[WhiteElo "1949"]
[BlackElo "1696"]
[PlyCount "116"]
[EventDate "2024.??.??"]
[WhiteTeam "SF Brand 1981 e. V."]
[BlackTeam "SV Ilmmünster"]

1. e4 c6 2. Nf3 d5 3. Nc3 dxe4 4. Nxe4 Nd7 5. d4 Ngf6 6. Nxf6+ Nxf6 7. Bc4 e6
8. O-O c5 9. Be3 cxd4 10. Qxd4 Qxd4 11. Bxd4 Be7 12. Bb5+ Bd7 13. Bxd7+ Kxd7
14. Ne5+ Ke8 15. Rfd1 Nh5 16. c4 f6 17. Nd3 e5 18. Be3 g6 19. g4 Ng7 20. g5 Kf7
21. gxf6 Kxf6 22. Nxe5 Kxe5 23. Bd4+ Kf5 24. Bxg7 Rhd8 25. Kg2 Bf6 26. Bxf6
Kxf6 27. f4 Rac8 28. b3 Rxd1 29. Rxd1 Rc7 30. Kf3 Re7 31. c5 h5 32. b4 a6 33.
a4 Rc7 34. Rd6+ Kf5 35. Rd5+ Kf6 36. b5 axb5 37. axb5 Kf7 38. Ke4 Re7+ 39. Re5
Rc7 40. h4 Kf6 41. f5 gxf5+ 42. Rxf5+ Kg6 43. Rg5+ Kh6 44. Kf4 Rc8 45. Re5 Kg6
46. Ke4 Rc7 47. Kd4 Rd7+ 48. Kc4 Rc7 49. Rd5 Rc8 50. Rd7 b6 51. Rd6+ Kf5 52.
Rxb6 Kg4 53. Rg6+ Kxh4 54. b6 Kh3 55. b7 Rf8 56. c6 h4 57. c7 Rf4+ 58. Kb5 Rf8
1-0

[Event "33. Seebach-Open"]
[Site "Grossenseebach"]
[Date "2024.05.30"]
[Round "1.39"]
[White "Walter, Manfred"]
[Black "Kreiner, Tobias"]
[Result "1-0"]
[WhiteElo "1685"]
[BlackElo "1416"]
[PlyCount "117"]
[EventDate "2024.??.??"]
[WhiteTeam "SV Lauf a.d.P."]
[BlackTeam "FSV Großenseebach"]

1. Nf3 Nc6 2. g3 e5 3. d3 Bc5 4. c4 Nf6 5. Bg2 O-O 6. Nc3 d6 7. O-O d5 8. cxd5
Nxd5 9. Qb3 Nxc3 10. bxc3 Bb6 11. Bb2 Be6 12. Qc2 Qc8 13. d4 exd4 14. cxd4 Bf5
15. e4 Bh3 16. Rfe1 Bxg2 17. Kxg2 Qg4 18. d5 Nb4 19. Qc4 a5 20. a3 Na6 21. Ne5
Qg5 22. Nd7 Bxf2 23. Kxf2 Rfe8 24. Ne5 Rxe5 25. Bxe5 Qxe5 26. Rad1 b6 27. Qc6
Rd8 28. Qc4 Nc5 29. Qd4 Qh5 30. Kg2 Qg6 31. Qe3 h6 32. Rd2 Re8 33. e5 Nd7 34.
e6 fxe6 35. dxe6 Nc5 36. e7 Qc6+ 37. Qf3 Qxf3+ 38. Kxf3 Kf7 39. Rd8 Rxe7 40.
Rxe7+ Kxe7 41. Rc8 Kd6 42. Ke3 Kd5 43. Rxc7 Ne6 44. Rc8 b5 45. Re8 a4 46. Kd3
Nc7 47. Rg8 Ne6 48. Kc3 Kc5 49. Re8 Nc7 50. Rc8 Kb6 51. Rg8 Kc5 52. Rxg7 Nd5+
53. Kb2 b4 54. axb4+ Kxb4 55. Rg4+ Kb5 56. Ka3 Nb6 57. Rh4 Nc4+ 58. Ka2 Kb4 59.
Rxh6 1-0

[Event "33. Seebach-Open"]
[Site "Grossenseebach"]
[Date "2024.05.30"]
[Round "1.40"]
[White "Walter, Gabriele"]
[Black "Cufi, Astrit"]
[Result "1/2-1/2"]
[WhiteElo "1384"]
[BlackElo "1676"]
[PlyCount "31"]
[EventDate "2024.??.??"]
[WhiteTeam "SV Lauf a.d.P."]
[BlackTeam "BSG Wöhrlhaus Erlangen"]

1. c4 c5 2. g3 Nf6 3. Bg2 e6 4. e3 d5 5. Ne2 Be7 6. O-O O-O 7. d3 Nc6 8. Nbc3
Rb8 9. b3 a6 10. Bb2 b5 11. cxd5 exd5 12. Qc2 Nb4 13. Qd2 Bf5 14. d4 Nd3 15.
dxc5 Bxc5 16. Rad1 1/2-1/2

[Event "33. Seebach-Open"]
[Site "Grossenseebach"]
[Date "2024.05.30"]
[Round "1.41"]
[White "Sammer, Fabian"]
[Black "Schuessler, Simon"]
[Result "1-0"]
[WhiteElo "1672"]
[BlackElo "1374"]
[PlyCount "35"]
[EventDate "2024.??.??"]
[WhiteTeam "SC JÄKLECHEMIE Talente Franken e"]
[BlackTeam "FSV Großenseebach"]

1. Nf3 d6 2. d4 g6 3. g3 Nf6 4. Bg2 Bg7 5. O-O O-O 6. c4 c6 7. Nc3 Re8 8. e4
Nbd7 9. Qc2 e5 10. Rd1 Qc7 11. d5 c5 12. Rb1 a6 13. a4 Nb6 14. b3 Bd7 15. Bd2
Nh5 16. Nh4 Qc8 17. a5 Bg4 18. f3 1-0

[Event "33. Seebach-Open"]
[Site "Grossenseebach"]
[Date "2024.05.30"]
[Round "1.42"]
[White "Held, Philip"]
[Black "Becker, Werner"]
[Result "1-0"]
[WhiteElo "1317"]
[BlackElo "1669"]
[PlyCount "107"]
[EventDate "2024.??.??"]
[WhiteTeam "SC JÄKLECHEMIE Talente Franken e"]
[BlackTeam "SC Rochade e.V."]

1. e4 c5 2. c3 e6 3. d4 d5 4. exd5 cxd4 5. Bb5+ Bd7 6. Bxd7+ Qxd7 7. Qxd4 Nf6
8. dxe6 Qxe6+ 9. Qe3 Nc6 10. Qxe6+ fxe6 11. Be3 Bd6 12. Nd2 Ne5 13. O-O-O Nd5
14. Bd4 Nf6 15. Ngf3 Nc6 16. Rhe1 Nxd4 17. Nxd4 O-O-O 18. Nxe6 Rd7 19. Nf3 Re8
20. h3 h6 21. Kc2 g5 22. Nfd4 Bf8 23. Nxf8 Rxf8 24. Nf5 h5 25. Rxd7 Nxd7 26. g4
Nf6 27. Re7 hxg4 28. hxg4 Nxg4 29. Nd6+ Kd8 30. Rxb7 Rxf2+ 31. Kb3 Ne3 32. Rxa7
g4 33. Rg7 Rf4 34. a4 Nf1 35. a5 g3 36. a6 Nd2+ 37. Kc2 Rf2 38. a7 Nc4+ 39. Kd3
Nb6 40. b4 g2 41. c4 Rf1 42. Rxg2 Rd1+ 43. Kc2 Rxd6 44. c5 Rc6 45. Kb3 Na8 46.
Rg7 Kc8 47. Kc4 Rc7 48. Rxc7+ Nxc7 49. b5 Kb7 50. b6 Ne6 51. Kd5 Nf8 52. c6+
Ka8 53. c7 Kb7 54. a8=Q+ 1-0

[Event "33. Seebach-Open"]
[Site "Grossenseebach"]
[Date "2024.05.30"]
[Round "1.43"]
[White "Vinogradov, Anatoli"]
[Black "Denhardt, Daniel"]
[Result "1-0"]
[WhiteElo "1639"]
[BlackElo "1315"]
[PlyCount "63"]
[EventDate "2024.??.??"]
[WhiteTeam "SF Haselmühl/Amberg"]
[BlackTeam "FSV Großenseebach"]

1. d4 Nf6 2. c4 g6 3. Nc3 Bg7 4. Bg5 O-O 5. e3 c6 6. Nf3 d5 7. cxd5 cxd5 8. Bd3
Nc6 9. a3 Re8 10. Qb3 e6 11. O-O a6 12. Rac1 Qd6 13. Bf4 Qe7 14. Na4 Nd7 15.
Nc5 Nxc5 16. Rxc5 Qd7 17. Rfc1 Bf8 18. R5c3 Bg7 19. Qc2 f6 20. e4 dxe4 21. Bxe4
Nxd4 22. Nxd4 Qxd4 23. Rc7 Rd8 24. Be3 Qd6 25. g3 f5 26. Bxb7 Bxb7 27. Rxb7
Rab8 28. Rxb8 Qxb8 29. b4 Qd6 30. Bg5 Re8 31. Qc6 Qd3 32. Qxe8+ 1-0

[Event "33. Seebach-Open"]
[Site "Grossenseebach"]
[Date "2024.05.30"]
[Round "1.44"]
[White "Timurlenk, Emre"]
[Black "Waschner, Richard"]
[Result "0-1"]
[WhiteElo "1313"]
[BlackElo "1638"]
[PlyCount "128"]
[EventDate "2024.??.??"]
[WhiteTeam "SV Bubenreuth e.V."]
[BlackTeam "Spvg Zabo-Eintracht Nürnberg e.V"]

1. d4 c6 2. c4 d5 3. Nc3 Nf6 4. Nf3 e6 5. Bg5 h6 6. Bxf6 Qxf6 7. e3 Nd7 8. cxd5
exd5 9. Be2 Bd6 10. O-O O-O 11. Qd3 Re8 12. e4 dxe4 13. Nxe4 Qe7 14. Nxd6 Qxd6
15. Bd1 Nc5 16. Qa3 Ne4 17. Qxd6 Nxd6 18. Bb3 Be6 19. Bxe6 Rxe6 20. Rfe1 Rae8
21. Kf1 f6 22. Rxe6 Rxe6 23. Re1 Kf7 24. Nd2 Nb5 25. Nb3 b6 26. a4 Nd6 27. Nd2
Nf5 28. Nb3 Rd6 29. Rc1 Nxd4 30. Nxd4 Rxd4 31. Rxc6 Rxa4 32. Rc7+ Kg6 33. Rb7
Rb4 34. Rxa7 Rxb2 35. Rb7 b5 36. g3 h5 37. h4 b4 38. Ke1 b3 39. Kd1 Rxf2 40.
Rxb3 Kf5 41. Ke1 Ra2 42. Kf1 Kg4 43. Kg1 Kh3 44. Rb5 Kxg3 45. Kf1 Kxh4 46. Rb7
g6 47. Rb6 Kg5 48. Rb5+ f5 49. Kg1 h4 50. Kh1 Kg4 51. Rb6 g5 52. Rb4+ f4 53.
Kg1 Kg3 54. Rb1 h3 55. Kh1 g4 56. Rg1+ Kh4 57. Rf1 f3 58. Kg1 Kg3 59. Rd1 h2+
60. Kh1 Rg2 61. Rf1 Rg1+ 62. Rxg1+ hxg1=Q+ 63. Kxg1 f2+ 64. Kf1 Kh2 0-1

[Event "33. Seebach-Open"]
[Site "Grossenseebach"]
[Date "2024.05.30"]
[Round "1.45"]
[White "Bauschke, Norman"]
[Black "Zaiser, Dion"]
[Result "0-1"]
[WhiteElo "1636"]
[BlackElo "1307"]
[PlyCount "71"]
[EventDate "2024.??.??"]
[WhiteTeam "SC Höchstadt/Aisch"]
[BlackTeam "SG Büchenbach/Roth e.V."]

1. d4 Nf6 2. c4 e5 3. Bg5 Be7 4. e3 Ne4 5. Bxe7 Qxe7 6. Nc3 Nxc3 7. bxc3 O-O 8.
Be2 d6 9. Nf3 Bf5 10. O-O Nd7 11. Qb3 Rab8 12. Nd2 Nf6 13. h3 c5 14. Rfe1 Qd7
15. Kh2 Rfe8 16. Nf3 h6 17. Rad1 Qc7 18. Bd3 Bxd3 19. dxe5 dxe5 20. Kg1 e4 21.
Nd2 Rbd8 22. a4 a5 23. Nf1 b6 24. Ng3 Qc6 25. Rd2 Rd7 26. Red1 Red8 27. Qa2
Bxc4 28. Qc2 Rxd2 29. Rxd2 Rxd2 30. Qxd2 Qd5 31. Qb2 Qd1+ 32. Kh2 Qb3 33. Qd2
Bd5 34. Ne2 g5 35. Ng3 Kg7 36. Nh5+ 0-1

[Event "33. Seebach-Open"]
[Site "Grossenseebach"]
[Date "2024.05.30"]
[Round "1.46"]
[White "Franke, Martin"]
[Black "Kuhlemann, Claus"]
[Result "1/2-1/2"]
[WhiteElo "1297"]
[BlackElo "1632"]
[PlyCount "51"]
[EventDate "2024.??.??"]
[WhiteTeam "FSV Großenseebach"]
[BlackTeam "SV Memmelsdorf"]

1. e4 b6 2. Nc3 Bb7 3. Bc4 e6 4. d3 Nf6 5. Bf4 d5 6. exd5 Nxd5 7. Bxd5 Bxd5 8.
Nxd5 Qxd5 9. Qf3 c6 10. Qg3 Nd7 11. Ne2 g6 12. Nc3 Qa5 13. O-O Bg7 14. Ne4 O-O
15. c3 Nf6 16. Nxf6+ Bxf6 17. d4 Qb5 18. Rab1 Bg7 19. Rfe1 Rfd8 20. b3 Qf5 21.
Rb2 c5 22. dxc5 Qxc5 23. Rc2 Rd7 24. h3 Rad8 25. Qf3 Rd3 26. Re3 1/2-1/2

[Event "33. Seebach-Open"]
[Site "Grossenseebach"]
[Date "2024.05.30"]
[Round "1.47"]
[White "Zagrada, Halil"]
[Black "Averin, Alex"]
[Result "1-0"]
[WhiteElo "1632"]
[BlackElo "1288"]
[PlyCount "71"]
[EventDate "2024.??.??"]
[WhiteTeam "BSG Wöhrlhaus Erlangen"]
[BlackTeam "SC Schwarz-Weiß Nürnberg Süd e.V"]

1. d4 Nf6 2. c3 e6 3. e3 b6 4. f4 Ne4 5. Nf3 Bb7 6. Bd3 d6 7. O-O Nd7 8. Nbd2
f5 9. c4 Ndf6 10. b3 c5 11. Bb2 d5 12. Ne5 cxd4 13. exd4 Bb4 14. Ndf3 Bc3 15.
Qc2 Bxb2 16. Qxb2 Rc8 17. cxd5 Bxd5 18. Bb5+ Kf8 19. Ng5 Nd6 20. Qa3 Qe7 21.
Nxh7+ Kg8 22. Ng6 Qc7 23. Nxf6+ gxf6 24. Nxh8 Nxb5 25. Qb2 Kxh8 26. Rac1 Qb7
27. a4 Rg8 28. Rc2 Bxb3 29. Qxb3 Nxd4 30. Qh3+ Kg7 31. Rc4 Qd5 32. Rc7+ Kf8 33.
Rc8+ Kf7 34. Qh7+ Rg7 35. Rc7+ Ke8 36. Qh8+ 1-0

[Event "33. Seebach-Open"]
[Site "Grossenseebach"]
[Date "2024.05.30"]
[Round "1.48"]
[White "Fraunholz, Axel"]
[Black "Averkova, Mariia"]
[Result "0-1"]
[WhiteElo "1285"]
[BlackElo "1615"]
[PlyCount "74"]
[EventDate "2024.??.??"]
[WhiteTeam "Spvg Zabo-Eintracht Nürnberg e.V"]
[BlackTeam "SC 1868 Bamberg"]

1. e4 d5 2. exd5 Nf6 3. Nc3 Nxd5 4. Bc4 Nf6 5. Nf3 Bg4 6. h3 Bh5 7. g4 Bg6 8.
d3 h6 9. Ne5 Nbd7 10. f4 Nb6 11. Bb3 Nfd5 12. f5 Bh7 13. Qf3 c6 14. Be3 Qd6 15.
Bf4 Qd8 16. O-O-O f6 17. g5 fxe5 18. Bxe5 Bg8 19. g6 Qd7 20. Ne4 O-O-O 21. Nc5
Qe8 22. Rhe1 e6 23. d4 Bxc5 24. dxc5 Nd7 25. Bxg7 Qe7 26. Bxh8 Qg5+ 27. Kb1
exf5 28. Bxd5 Bxd5 29. Rxd5 cxd5 30. g7 Nf6 31. b4 Ne4 32. Qe2 Nc3+ 33. Kb2
Nxe2 34. Rxe2 f4 35. Re6 f3 36. g8=Q Qxg8 37. Bd4 Qxe6 0-1

[Event "33. Seebach-Open"]
[Site "Grossenseebach"]
[Date "2024.05.30"]
[Round "1.49"]
[White "Kreiner, Daniel"]
[Black "Hoffmann, Edgar"]
[Result "1-0"]
[WhiteElo "1615"]
[BlackElo "1277"]
[PlyCount "52"]
[EventDate "2024.??.??"]
[WhiteTeam "FSV Großenseebach"]
[BlackTeam "SC Forchheim e.V."]

1. e4 d6 2. d4 Nf6 3. Nc3 g6 4. f4 Bg7 5. Nf3 O-O 6. e5 dxe5 7. fxe5 Nd5 8.
Nxd5 Qxd5 9. Bd3 b6 10. O-O Bb7 11. Re1 Qd7 12. Bg5 f6 13. exf6 exf6 14. Bf4
Na6 15. Qd2 c5 16. dxc5 Nxc5 17. Bc4+ Kh8 18. Qxd7 Nxd7 19. Re7 Rac8 20. Be6
Bxf3 21. Bxd7 Rxc2 22. gxf3 Rxb2 23. a4 f5 24. Rxg7 Kxg7 25. Be5+ Kf7 26. Bxb2
Rd8 1-0

[Event "33. Seebach-Open"]
[Site "Grossenseebach"]
[Date "2024.05.30"]
[Round "1.50"]
[White "Savchuk, Andrej"]
[Black "Frysztacki, Marco"]
[Result "1/2-1/2"]
[WhiteElo "1274"]
[BlackElo "1605"]
[PlyCount "42"]
[EventDate "2024.??.??"]
[WhiteTeam "SC Uttenreuth e.V."]
[BlackTeam "SV Lauf a.d.P."]

1. e4 d5 2. exd5 Qxd5 3. Nc3 Qa5 4. d4 Nf6 5. Bd2 c6 6. Nf3 Bf5 7. Bc4 e6 8.
O-O Be7 9. Re1 O-O 10. Nd5 Qd8 11. Nxe7+ Qxe7 12. a3 Qc7 13. b4 Nbd7 14. h3 Nd5
15. Nh4 Bg6 16. Nxg6 hxg6 17. Bb3 N7f6 18. c4 Ne7 19. Bc3 Rad8 20. Qc2 Nf5 21.
Rad1 Rfe8 1/2-1/2

[Event "33. Seebach-Open"]
[Site "Grossenseebach"]
[Date "2024.05.30"]
[Round "1.51"]
[White "Wolf, Moritz"]
[Black "Stroessner, Pascal"]
[Result "1/2-1/2"]
[WhiteElo "1601"]
[BlackElo "1262"]
[PlyCount "118"]
[EventDate "2024.??.??"]
[WhiteTeam "TSV Cadolzburg e.V."]
[BlackTeam "FSV Großenseebach"]

1. e4 c5 2. Nf3 Nc6 3. Bb5 e6 4. O-O d5 5. exd5 exd5 6. Re1+ Be7 7. d4 Be6 8.
dxc5 Bxc5 9. Nc3 Nge7 10. Bg5 O-O 11. Qe2 h6 12. Bxe7 Nxe7 13. Rad1 Bg4 14. h3
Bxf3 15. Qxf3 d4 16. Ne4 b6 17. Bd3 Ng6 18. Qg3 Be7 19. f4 Bh4 20. Qf3 Bxe1 21.
Rxe1 Re8 22. Qg3 Qh4 23. Qxh4 Nxh4 24. Bb5 Re7 25. Nf6+ Kf8 26. Nd7+ Rxd7 27.
Bxd7 Rd8 28. Bc6 Rc8 29. Be4 Re8 30. Kf2 f5 31. Bd5 Rc8 32. Bb3 Ng6 33. g3 Ne7
34. Rd1 Rd8 35. Be6 g6 36. g4 fxg4 37. hxg4 Rd6 38. Bb3 Nc6 39. c3 Rf6 40. Kg3
dxc3 41. bxc3 a5 42. Rd7 g5 43. fxg5 hxg5 44. Rd5 Rg6 45. Bc2 Rg7 46. Rd6 Rc7
47. c4 Ne5 48. Rxb6 Rxc4 49. Bf5 Rc3+ 50. Kg2 Nc4 51. Rb5 Ne3+ 52. Kf2 Ra3 53.
Be6 Nd1+ 54. Ke1 Nc3 55. Rb3 Rxb3 56. axb3 Ke7 57. Bc4 Kd6 58. Kd2 Ne4+ 59. Ke3
Ke5 1/2-1/2

[Event "33. Seebach-Open"]
[Site "Grossenseebach"]
[Date "2024.05.30"]
[Round "1.52"]
[White "Bauenschmidt, Lars"]
[Black "Wallrab, Armin"]
[Result "1-0"]
[WhiteElo "1256"]
[BlackElo "1598"]
[PlyCount "80"]
[EventDate "2024.??.??"]
[WhiteTeam "FSV Großenseebach"]
[BlackTeam "SV Ilmmünster"]

1. e4 d6 2. Nf3 Nf6 3. Nc3 g6 4. Bc4 Bg7 5. d3 O-O 6. Be3 c6 7. Bb3 b5 8. a3
Bg4 9. h3 Bxf3 10. Qxf3 a5 11. g4 Nbd7 12. Qe2 b4 13. Na4 e5 14. h4 h5 15. gxh5
Nxh5 16. Qg4 Ndf6 17. Qxg6 d5 18. Qg2 Rb8 19. axb4 axb4 20. Rg1 Kh8 21. exd5
cxd5 22. Qg5 Rg8 23. Qxe5 Re8 24. Qd4 Rb5 25. O-O-O Ne4 26. Qa7 Re7 27. Qa6 Nd6
28. Bc5 Re6 29. Bxd6 Ra5 30. Qb7 Rxd6 31. Qxf7 Rh6 32. Rg5 Qd6 33. Rxh5 Rxh5
34. Qxh5+ Kg8 35. Qg4 Qf6 36. Rg1 Ra7 37. Bxd5+ Kh7 38. Be4+ Kh6 39. Qg5+ Qxg5+
40. hxg5+ Kh5 1-0